| 000 | 00547nam a22001817a 4500 | ||
|---|---|---|---|
| 005 | 20170830150644.0 | ||
| 010 | _aENG-120164 | ||
| 020 |
_a9788184621433 _c350.00 |
||
| 035 | _aEN-103696 | ||
| 037 | _bDBAD/PUB | ||
| 082 | _a881 | ||
| 100 | _a Khanna,Ashu | ||
| 245 |
_aTo that... with love and reverence / _cby Ashu Khanna |
||
| 260 |
_aMumbai _bVakils, Feffer & Simons _c2017 |
||
| 270 |
_aIndustry Manor, Appasaheb Marathe Marge Prabhadevi _bMumbai _e400025 |
||
| 300 |
_a99p. _c22cm(pbk) |
||
| 942 |
_2ddc _cEN _h881 _mKHA |
||
| 999 |
_c143935 _d143935 |
||